00676nam a2200169 a 450000100100000000500170001000800410002704000250006808200210009310000240011424500860013825000110022426000410023530000210027695201920029799900170048900003531720200930074243.0111027s1967 mx 000 0 spa d aDO-SdBNPbspacBNPHU axxxbL673h, 19671 aLewis, Oscar96108914aLos hijos de Sánchez :bautobiografía de una familia mexicana /cOscar Lewis. a7a ed. aMéxico :bJoaquín Mortiz,c1967. a251 p. ;c21 cm. 001050718MOaGRbGRcCTd2011-10-27iLF1l0oxxx L673h, 1967p35317-10r2020-06-25w2020-06-25y1zPerteneció a la biblioteca personal de Juan Isidro Jimenes- GrullónZNo se presta c34808d34808